00426nam a2200145Ia 4500100001700000650002700017942000700044654001600051245003600067260003400103300000800137546001200145999001700157952010600174 aKazim/ Amir  aElectrical Engineering cBK aElectrician aElectrician theory solved paper bKazim prakashanaKanpurc1977 a196 aENGLISH c22389d22389 001040708AFTaCRCEbCRCEd2023-03-17g8.50iT-743l0o pAFT2262r2023-03-17v8.50w2023-03-17yBK